[Event "Parana-ch"]
[Site "Maringa"]
[Date "2019.12.12"]
[Round "2"]
[White "De Souza, Juliano"]
[Black "Da Silva, Ulisses Lucas"]
[Result "1/2-1/2"]
[WhiteElo "1738"]
[BlackElo "1845"]
[PlyCount "38"]
[EventDate "2019.12.12"]
[EventType "swiss"]
[EventRounds "7"]
[EventCountry "BRA"]
[SourceTitle "CBM 193 Extra"]
[Source "ChessBase"]
[SourceDate "2020.01.31"]
[SourceVersion "1"]
[SourceVersionDate "2020.01.31"]
[SourceQuality "1"]

1. c4 e5 2. g3 Nf6 3. Bg2 d5 4. d3 Be6 5. cxd5 Bxd5 6. Nf3 Bd6 7. 0-0 0-0 8. Nc3 Bc6 9. Qb3 Nbd7 10. a3 h6 11. Nh4 Nc5 12. Qc2 Bxg2 13. Kxg2 Re8 14. Nf5 Bf8 15. b4 Ne6 16. Bb2 Nd4 17. Nxd4 exd4 18. Ne4 Nxe4 19. dxe4 Qe7 1/2-1/2

[Event "Maringa Parana-ch"]
[Site "Maringa"]
[Date "2018.01.31"]
[Round "1"]
[White "Melo, Sergio Roberto Samp"]
[Black "De Souza, Juliano"]
[Result "0-1"]
[WhiteElo "1721"]
[BlackElo "1770"]
[PlyCount "48"]
[EventDate "2018.01.31"]
[EventType "swiss"]
[EventRounds "8"]
[EventCountry "BRA"]
[SourceTitle "CBM 182 Extra"]
[Source "ChessBase"]
[SourceDate "2018.02.23"]
[SourceVersion "1"]
[SourceVersionDate "2018.02.23"]
[SourceQuality "1"]

1. c3 d5 2. Qc2 Nf6 3. d3 Bf5 4. Bg5 e5 5. Nd2 Bc5 6. Ngf3 Nbd7 7. e4 dxe4 8. dxe4 Bg4 9. Be2 c6 10. Nc4 Bxf3 11. Bxf3 Qc7 12. b4 Be7 13. 0-0 0-0 14. Ne3 Rfe8 15. Rfd1 a5 16. a3 axb4 17. axb4 Nf8 18. Nf5 Ng6 19. Nxe7+ Qxe7 20. Be3 Nf4 21. Bc5 Qe6 22. g3 Nh3+ 23. Kg2 Ng5 24. Rd6 Qh3+ 0-1